Электроника 1.3 (14.05.04): электронный курс
| Hovedforfatter: | |
|---|---|
| Institution som forfatter: | |
| Summary: | Заглавие с экрана Курс Электроника 1.3 для студентов, обучающихся по специальности 14.05.04 "Электроника и автоматика физических установок", предназначен для теоретической и практической подготовки студентов в области электронной техники. Основной целью курса является формирование у обучающихся компетенций в области анализа и синтеза электрических цепей, содержащих полупроводниковые компоненты. Доступ по логину и паролю |
| Sprog: | russisk |
| Udgivet: |
Томск, TPU Moodle, 2019
|
| Fag: | |
| Online adgang: | https://design.lms.tpu.ru/course/view.php?id=2892 |
| Format: | Electronisk Bog |
| KOHA link: | https://koha.lib.tpu.ru/cgi-bin/koha/opac-detail.pl?biblionumber=667566 |
MARC
| LEADER | 00000nlm0a2200000 4500 | ||
|---|---|---|---|
| 001 | 667566 | ||
| 005 | 20240204143834.0 | ||
| 035 | |a (RuTPU)RU\TPU\network\38771 | ||
| 035 | |a RU\TPU\network\38770 | ||
| 090 | |a 667566 | ||
| 100 | |a 20220404d2019 m y0rusy50 ca | ||
| 101 | 0 | |a rus | |
| 102 | |a RU | ||
| 105 | |a a j 000zy | ||
| 135 | |a jrcn ---uucaa | ||
| 181 | 0 | |a i | |
| 182 | 0 | |a b | |
| 200 | 1 | |a Электроника 1.3 (14.05.04) |e электронный курс |f Е. В. Ефремов |g Национальный исследовательский Томский политехнический университет, Инженерная школа ядерных технологий, Отделение ядерно-топливного цикла | |
| 203 | |a Текст |c электронный | ||
| 210 | |a Томск |c TPU Moodle |d 2019 | ||
| 300 | |a Заглавие с экрана | ||
| 330 | |a Курс Электроника 1.3 для студентов, обучающихся по специальности 14.05.04 "Электроника и автоматика физических установок", предназначен для теоретической и практической подготовки студентов в области электронной техники. Основной целью курса является формирование у обучающихся компетенций в области анализа и синтеза электрических цепей, содержащих полупроводниковые компоненты. | ||
| 333 | |a Доступ по логину и паролю | ||
| 606 | 1 | |a Электроника |2 stltpush |3 (RuTPU)RU\TPU\subj\20310 |9 45419 | |
| 610 | 1 | |a электронный ресурс | |
| 610 | 1 | |a труды учёных ТПУ | |
| 610 | 1 | |a электронное обучение | |
| 610 | 1 | |a электронные курсы ТПУ | |
| 610 | 1 | |a электронные учебные пособия | |
| 610 | 1 | |a полупроводниковые компоненты | |
| 610 | 1 | |a электрические цепи | |
| 610 | 1 | |a управляемые компоненты | |
| 610 | 1 | |a полууправляемые компоненты | |
| 610 | 1 | |a полупроводниковые средства | |
| 675 | |a 621.38(075.8) |v 4 | ||
| 700 | 1 | |a Ефремов |b Е. В. |c специалист в области автоматического управления |c доцент Томского политехнического университета, кандидат технических наук |f 1984- |g Евгений Викторович |3 (RuTPU)RU\TPU\pers\25462 |9 11401 | |
| 712 | 0 | 2 | |a Национальный исследовательский Томский политехнический университет |b Инженерная школа ядерных технологий |b Отделение ядерно-топливного цикла |3 (RuTPU)RU\TPU\col\23554 |
| 801 | 2 | |a RU |b 63413507 |c 20220816 |g RCR | |
| 856 | 4 | |u https://design.lms.tpu.ru/course/view.php?id=2892 | |
| 942 | |c CF | ||